タイムズカーの車種 - Statistics

General Stats
  • This quiz has been taken 105 times
    82 since last reset
  • The average score is 16 of 33
Answer Stats
クラス メーカー 車種 % Correct
ベーシック トヨタ ヤリス
83%
ベーシック 日産 ノート
79%
プレミアム トヨタ アルファード
79%
ベーシック 日産 ノート e-POWER
79%
ベーシック トヨタ アクア
78%
プレミアム トヨタ ノア
71%
ベーシック トヨタ ヤリスクロス
68%
ベーシック ホンダ フィット
67%
ベーシック スズキ スイフト
63%
ミドル トヨタ シエンタ
63%
ミドル トヨタ プリウス
63%
プレミアム 日産 セレナ
63%
ベーシック トヨタ ルーミー
60%
ベーシック マツダ MAZDA2
51%
ベーシック ホンダ N-BOX
51%
ベーシック スズキ ソリオ
49%
ミドル マツダ CX-5
49%
ベーシック トヨタ ライズ
48%
ミドル ホンダ フリード
48%
ベーシック マツダ MAZDA3
46%
ベーシック 日産 ルークス
41%
ミドル マツダ CX-30
38%
ベーシック スズキ ハスラー
37%
ベーシック 日産 オーラ e-POWER
37%
ミドル 日産 リーフ
35%
ベーシック 日産 サクラ
32%
ミドル トヨタ C-HR
25%
ミドル 日産 NV350キャラバン
19%
ベーシック スズキ ワゴンRスマイル
19%
ベーシック 日産 NV200バネット
14%
ベーシック ダイハツ ウェイク
10%
ベーシック スズキ スーパーキャリイ
10%
プレミアム トヨタ bZ4X
8%
No matching quizzes found
Score Distribution
Percent of People with Each Score
Percentile by Number Answered
Your Score History
You have not taken this quiz since the last reset